| 000 | 02271cam a2200517 i 4500 | ||
|---|---|---|---|
| 001 | xx004866705 | ||
| 003 | NUKAT | ||
| 005 | 20260430105432.0 | ||
| 008 | 200521s2020 pl a g |001 0 pol c | ||
| 020 |
_a9788380988439 _q(oprawa twarda) : _czł 50,00 |
||
| 035 | _a(OCoLC)1156647850 | ||
| 035 | _a(NUKAT)xx004866705 | ||
| 040 |
_aWR U/as _bpol _erda _cWR U/ass _dWR U/hp _dWR O/KP _dOLSZT 008/bak |
||
| 041 | 1 |
_apol _hukr |
|
| 045 | 0 | _bd1920 | |
| 046 | _k2013 | ||
| 100 | 1 |
_aRukkas, Andrìj Olegovič _d(1973- ). _eAutor _940978 |
|
| 245 | 1 | 0 |
_aRazem z Wojskiem Polskim : _bArmia Ukraińskiej Republiki Ludowej w 1920 roku / _cAndrij Rukkas ; tłumaczenie Michał Górski ; Instytut Pamięci Narodowej. Komisja Ścigania Zbrodni przeciwko Narodowi Polskiemu. |
| 260 |
_aWarszawa : _bInstytut Pamięci Narodowej. Komisja Ścigania Zbrodni przeciwko Narodowi Polskiemu, _c2020. |
||
| 300 |
_a695, [1] strona, [23] strony tablic : _bilustracje ; _c25 cm. |
||
| 336 |
_aTekst _btxt _2rdacontent |
||
| 337 |
_aBez urządzenia pośredniczącego _bn _2rdamedia |
||
| 338 |
_aWolumin _bnc _2rdacarrier |
||
| 380 | _aKsiążki | ||
| 380 | _aPublikacje naukowe | ||
| 388 | 1 | _a2001- | |
| 504 | _aBibliografia na stronach 666-677. Indeks. | ||
| 610 | 2 | 7 |
_aArmia Czynna Ukraińskiej Republiki Ludowej _2DBN _940980 |
| 610 | 2 | 7 |
_aWojsko Polskie (1918-1939) _2DBN _937311 |
| 610 | 1 | 7 |
_aUkraina. _bUkraïnsʹka Nacìonalʹna Rada. _bArmìâ. _2kaba _940981 |
| 648 | 7 |
_a1901-2000 _2DBN _934996 |
|
| 648 | 7 |
_a1918-1939 _2DBN _936041 |
|
| 650 | 7 |
_aUmowa warszawska (1920) _2DBN _940982 |
|
| 650 | 7 |
_aWojna polsko-bolszewicka (1919-1920) _2DBN _935671 |
|
| 651 | 7 |
_aPolska _2DBN _935076 |
|
| 651 | 7 |
_aUkraińska Republika Ludowa _2DBN _940983 |
|
| 651 | 7 |
_aPolska _xstosunki wojskowe _zUkraina _y1900-1945. _2kaba _940984 |
|
| 651 | 7 |
_aUkraina _xstosunki wojskowe _zPolska _y1900-1945. _2kaba _940985 |
|
| 655 | 7 |
_aMonografia _2DBN _935240 |
|
| 658 | _aBezpieczeństwo i wojskowość | ||
| 658 | _aHistoria | ||
| 700 | 1 |
_aGórski, Michał _c(język ukraiński). _eTłumaczenie _940979 |
|
| 710 | 2 |
_aInstytut Pamięci Narodowej - Komisja Ścigania Zbrodni przeciwko Narodowi Polskiemu. _eWydawca _4pbl _911792 |
|
| 920 | _a978-83-8098-843-9 (oprawa twarda) : zł 50,00 | ||
| 942 |
_2ddc _cBK_NM |
||
| 999 |
_c27893 _d27893 |
||